Subvencions : aspectes teòrics / aspectes teòrics /
Publicado:
Barcelona :
Diputació de Barcelona. Àrea d'Hisenda i Recursos Interns. Intervenció General. Servei d'Assistència a la Gestió Econòmica Local ,
2009
Descripción Física:
193 p. : gràfics, quadres, taules ; 29 cm
Otros Autores:
García Soriano, Isabel
MARC
| LEADER | 00000nam a2200000Ia 4500 | ||
|---|---|---|---|
| 001 | 23820 | ||
| 008 | 160829s2009 xx 000 0 cat d | ||
| 080 | |a Bib-59 | ||
| 245 | |a Subvencions : |b aspectes teòrics / |c documentació realitzada per: Isabel García Soriano | ||
| 260 | |a Barcelona : |b Diputació de Barcelona. Àrea d'Hisenda i Recursos Interns. Intervenció General. Servei d'Assistència a la Gestió Econòmica Local, |c 2009 | ||
| 300 | |a 193 p. : |b gràfics, quadres, taules ; |c 29 cm | ||
| 650 | |a Subvencions |x Dret i legislació |x Barcelona (Província) |9 50428 | ||
| 700 | |a García Soriano, Isabel |9 50429 | ||
| 710 | 1 | |a Barcelona (Catalunya : Província). |b Servei d’Assistència a la Gestió Econòmica Local |9 53081 | |
| 901 | |a Arxiu | ||
| 942 | |n 1 |2 udc | ||
| 952 | |0 0 |1 0 |4 0 |6 BIB59 |7 1 |9 56026 |a Arxiu |b Arxiu |d 2016-12-01 |l 0 |o Bib-59 |p 23820 |r 2016-12-01 00:00:00 |w 2016-12-01 |y ARXIU | ||
| 999 | |c 59900 |d 59900 | ||